000 00870cam a2200181 a 4500
020 _a0821338129
082 _a307.12
_bLIV
_cD
245 0 0 _aLivable cities for the 21st century /
_cWorld Bank.
260 _aWashington, D.C. :
_bWorld Bank,
_cc1996.
300 _av, 47 p. :
_bcol. ill. ;
_c23 cm.
490 1 _aDirections in development
520 _a"As one of the World Bank's contributions to the Habitat II process in Istanbul, this publication first tells the story of nearly a quarter century of the Bank's program of urban assistance for developing countries. It then turns to the future to draw attention to priorities for action"--P. 1.
526 _a0
_b0
_c0
_d307_120000000000000_LIV
650 0 _aCity planning
_zDeveloping countries.
_9937
650 0 _aEconomic assistance
_zDeveloping countries.
_937650
710 2 _aWorld Bank.
_94999
942 _2ddc
_cBK
999 _c542471
_d542471